Les vallées des Alpes françaises - Statistiques

Statistiques générales
  • Ce quiz a été pris 67 fois
  • Le résultat moyen est 9 sur 58
Statistiques - réponses
Indice Réponse % Correct
Alpes - M Vallée de la {Maurienne}
78%
Alpes - T Vallée de la {Tarentaise}
67%
Alpes - A Vallée de l'{Arve}
62%
Mont Blanc - C Vallée de {Chamonix}
43%
Alpes - R Vallée du {Rhône}
40%
Queyras - Q {Queyras}
38%
Parpaillon - U Vallée de l'{Ubaye}
34%
Beaufortain - A Val d'{Arly}
26%
Giffre - G Vallée du {Giffre}
24%
Chablais - V Vallée {verte}
22%
Bauges - S Combe de {Savoie}
21%
Chablais - A Val d'{Abondance}
19%
Cerces - E Vallée {étroite}
19%
Chartreuse - G {Grésivaudan}
17%
Cerces - C Vallée de la {Clarée}
17%
Vercors - D Basse-vallée du {Drac}
16%
Bauges - C Cluse de {Chambéry}
16%
Chartreuse - G Plaine du {Guiers}
16%
Ecrins - V {Valgaudemar}
16%
Ecrins - V Vallée de la {Vallouise}
16%
Chartreuse - E Vallée des {Entremonts}
16%
Belledonne - HB Vallée du {Haut Bréda}
16%
Ecrins - G Vallée de la {Guisane}
14%
Mont Blanc - G Vallée des {Glaciers}
14%
Alpes grées - I Vallon de l'{Iseran}
14%
Bauges - A Trouée d'{Annecy}
12%
Belledonne - A Vallée d'{Allevard}
12%
Belledonne - G Val {Gelon}
10%
Escreins - B Vallée de la {Blanche}
10%
Vanoise - B Vallée des {Belleville}
10%
Belledonne - H Vallée des {Huiles}
10%
Vercors - T Vallée de {Trièves}
9%
Mont Blanc - M Val {Montjoie}
9%
Alpes grées - E Plan des {Evettes}
7%
Chablais - A Vallée d'{Aulps}
7%
Aravis - M Vallée de {Manigod}
7%
Beaufortain - C Vallée des {Chapieux}
7%
Beaufortain - N Combe de la {Neuva}
5%
Bauges - M Trouée des {Marches}
5%
Belledonne - C Val {Coisin}
5%
Bauges - T Val de {Tamié}
5%
Vercors - G Vallée de la {Gresse}
5%
Belledonne - V Vallée des {Villards}
5%
Mercantour - B Val de {Blore}
3%
Chartreuse - C Val de {Couz}
3%
Beaufortain - GM Vallée de la {Grande maison}
3%
Trois-Evêchés - H-B Vallée de la {Haute-Bléone}
3%
Préalpes de Castellane - E Vallée de l'{Estéron}
3%
Aravis - B Vallée du {Bouchet}
3%
Haute-Maurienne - R Vallée du {Ribon}
3%
Alpes grées - L Vallon de la {Lenta}
3%
Ecrins - M Vallon de la {Montagnolle}
3%
Arves - M Combe de {Malaval}
2%
Bornes - S Creux des {Sarrazins}
2%
Bauges - U Vallée des {Usses}
2%
Chablais - B Vallée du {Brévon}
2%
Chablais - M Vallon de la {Morge}
2%
Bauges - SC Vallon de {Sainte-Catherine}
2%
Aucun quiz correspondant
Distribution des résultats
% des personnes avec chaque résultat
Percentile par nombre de réponses
Votre historique - résultats
Vous n’avez pas pris ce quiz